<?xml version="1.0" encoding="UTF-8"?>
<record
    xmlns:xsi="http://www.w3.org/2001/XMLSchema-instance"
    xsi:schemaLocation="http://www.loc.gov/MARC21/slim http://www.loc.gov/standards/marcxml/schema/MARC21slim.xsd"
    xmlns="http://www.loc.gov/MARC21/slim">

  <leader>01105cam5a220027701 4500</leader>
  <controlfield tag="001">lce01270138</controlfield>
  <controlfield tag="008">800530s1960    lo           s000 0 eng  </controlfield>
  <datafield tag="010" ind1=" " ind2=" ">
    <subfield code="a">   80476098 //r83</subfield>
  </datafield>
  <datafield tag="035" ind1=" " ind2=" ">
    <subfield code="a">(Sirsi) r35030</subfield>
  </datafield>
  <datafield tag="035" ind1=" " ind2=" ">
    <subfield code="a">(DLC)   80476098 //r83</subfield>
  </datafield>
  <datafield tag="035" ind1=" " ind2=" ">
    <subfield code="a">(UPRA)lce01270138</subfield>
  </datafield>
  <datafield tag="041" ind1="0" ind2=" ">
    <subfield code="a">engnic</subfield>
  </datafield>
  <datafield tag="043" ind1=" " ind2=" ">
    <subfield code="a">f-lo---</subfield>
  </datafield>
  <datafield tag="050" ind1="0" ind2=" ">
    <subfield code="a">T166.L5</subfield>
    <subfield code="b">B37 1960</subfield>
  </datafield>
  <datafield tag="082" ind1=" " ind2=" ">
    <subfield code="a">607/.126816</subfield>
  </datafield>
  <datafield tag="110" ind1="1" ind2=" ">
    <subfield code="b">Commission Enquiring into the Disturbances at the Lerotholi Technical School and the Basutoland High School.</subfield>
    <subfield code="6">A98073.1</subfield>
  </datafield>
  <datafield tag="245" ind1="1" ind2="0">
    <subfield code="a">Report of the Commission Enquiring into the Disturbances at the Lerotholi Technical School and the Basutoland High School =</subfield>
    <subfield code="b">Tlaleho ea Lekhotla la Patlisiso Mefere-Fereng [i.e. Mofere-Fereng] ea Likolo tsa Lerotholi le Basutoland High School.</subfield>
  </datafield>
  <datafield tag="260" ind1=" " ind2=" ">
    <subfield code="a">[Maseru] :</subfield>
    <subfield code="b">Basutoland,</subfield>
    <subfield code="c">1960.</subfield>
  </datafield>
  <datafield tag="500" ind1=" " ind2=" ">
    <subfield code="a">Cover title.</subfield>
  </datafield>
  <datafield tag="500" ind1=" " ind2=" ">
    <subfield code="a">English and Sotho on opposite pages.</subfield>
  </datafield>
  <datafield tag="500" ind1=" " ind2=" ">
    <subfield code="a">Cyclostyled.</subfield>
  </datafield>
  <datafield tag="610" ind1="2" ind2="0">
    <subfield code="a">Lerotholi Technical School.</subfield>
    <subfield code="6">S70804.1</subfield>
  </datafield>
  <datafield tag="610" ind1="2" ind2="0">
    <subfield code="a">Basutoland High School.</subfield>
    <subfield code="6">S70805.1</subfield>
  </datafield>
  <datafield tag="949" ind1=" " ind2=" ">
    <subfield code="a">T166.L5</subfield>
    <subfield code="w">lcc</subfield>
    <subfield code="m">MAIN</subfield>
    <subfield code="t">BOOK</subfield>
    <subfield code="l">ON-SHELF</subfield>
  </datafield>
  <controlfield tag="004">35030</controlfield>
  <datafield tag="999" ind1=" " ind2=" ">
    <subfield code="c">66928</subfield>
    <subfield code="d">66928</subfield>
  </datafield>
</record>
